Placez les pays sur une carte sans frontières #1 - Statistiques

Statistiques générales
  • Ce quiz a été pris 37 917 fois
  • Le résultat moyen est 14 sur 25
Réponses sur la Carte
Les réponses sont colorées sur une échelle allant du rouge au vert en fonction du pourcentage des utilisateurs qui les ont devinées à leur premier essai. Vous pouvez retrouver ces pourcentages ci-dessous.
 
Statistiques - réponses
Réponse % Correct
Brésil
98%
Inde
95%
Mexique
86%
Nouvelle-Zélande
84%
Égypte
83%
Maroc
80%
Suède
80%
Chili
78%
Yémen
59%
Portugal
58%
Papouasie-Nouvelle-Guinée
53%
Turquie
50%
Allemagne
48%
Afrique du Sud
46%
Irlande
46%
Nigeria
44%
Malaisie
40%
Corée du Nord
39%
Cuba
36%
Seychelles
36%
Iran
35%
Kazakhstan
34%
Viêt Nam
34%
Nicaragua
33%
Kenya
32%
Aucun quiz correspondant
Distribution des résultats
% des personnes avec chaque résultat
Percentile par nombre de réponses
Votre historique - résultats
Vous n’avez pas pris ce quiz